The potential of a Seasonal Sport Hotel in the Balaton Region based on an American example

Bibliográfiai részletek
Szerző: Halmai Szervác
További közreműködők: Hübner Andrea
Dokumentumtípus: Diplomadolgozat
Kulcsszavak:sport
children
American
Balaton
all-inclusive hotel
Online Access:http://dolgozattar.uni-bge.hu/23142

MARC

LEADER 00000nta a2200000 i 4500
001 dolg23142
005 20200214144947.0
008 191120suuuu hu om 000 eng d
040 |a BGE Dolgozattár Repozitórium  |b hun 
041 |a en 
100 1 |a Halmai Szervác 
245 1 4 |a The potential of a Seasonal Sport Hotel in the Balaton Region based on an American example  |c Halmai Szervác  |h [elektronikus dokumentum] 
246 1 1 |a Egy Amerikai mintájú sporthotel lehtőségei a Balaton partján 
246 1 1 |a The potential of a Seasonal Sport Hotel in the Balaton Region based on an American example 
520 3 |a Egy elképzelt Sporthotel lehetőségei és szervezése Amerikai mintára. A magyar emberek érdeklődésének felmérése egy ilyen típusú beruházással kapcsolatban. 
695 |a sport 
695 |a children 
695 |a American 
695 |a Balaton 
695 |a all-inclusive hotel 
700 1 |a Hübner Andrea  |e ths 
856 4 0 |u http://dolgozattar.uni-bge.hu/23142/1/Halmai_Szervac_ZJ7QHD%20%281%29.pdf  |z Dokumentum-elérés